Introducing English : an oral pre-reading program for Spanish- speaking primary pupils /

Bibliographic Details
Main Author: Lancaster, Louise
Other Authors: McKee, Paul
Format: Book
Language:English
Spanish
Published: Boston : Houghton Mifflin, [1975]
Subjects:

MARC

Tag First Indicator Second Indicator Subfields
LEADER 00000cam a2200000 a 4500
001 in00000049947
005 20151007075920.0
008 761123s1975 maua b 00010 eng d
020 |a 0395205816 
035 |a (OCoLC)02575345 
035 |9 AAF3993AM 
040 |a TXS  |c TXS  |d TXA  |d UtOrBLW 
041 0 |a eng  |a spa 
049 |a TXAV  |d [  |v =teacher's guide]  |v [1272485] 
090 |a PE1128 A2  |b  L3 
100 1 |a Lancaster, Louise. 
245 1 0 |a Introducing English :  |b an oral pre-reading program for Spanish- speaking primary pupils /  |c Louise Lancaster ; edited by: Paul McKee, M. Lucile Harrison, William K. Durr. 
264 1 |a Boston :  |b Houghton Mifflin,  |c [1975] 
264 4 |c ©1975 
300 |a xiv, 296 pages :  |b illustrations ;  |c 21x30 cm. +  |e 35 duplicating masters + 158 picture cards. 
336 |a text  |b txt  |2 rdacontent 
337 |a unmediated  |b n  |2 rdamedia 
338 |a volume  |b nc  |2 rdacarrier 
504 |a Bibliography: pages 293-296. 
650 0 |a English language  |x Study and teaching  |x Spanish speakers. 
650 0 |a English language  |x Study and teaching  |x Spanish speakers  |x Bilingual method. 
650 0 |a Education, Bilingual. 
700 1 |a McKee, Paul. 
999 |a MARS 
999 f f |s a32cfb49-cf56-32b8-b84b-ff7a519c9cb3  |i 6c590c13-4200-3448-8c75-e89add0d23a8  |t 0 
952 f f |p ric  |a Texas A&M University  |b Rellis Campus  |c Joint Library Facility  |d Remote Storage  |t 0  |e PE1128 A2 L3  |h Library of Congress classification  |i unmediated -- volume  |m A14809006725 
952 f f |p ric  |a Texas A&M University  |b Rellis Campus  |c Joint Library Facility  |d Remote Storage  |t 0  |e PE1128 A2 L3  |h Library of Congress classification  |i unmediated -- volume  |m A14809006783 
952 f f |p ric  |a Texas A&M University  |b Rellis Campus  |c Joint Library Facility  |d Remote Storage  |t 0  |e PE1128 A2 L3  |h Library of Congress classification  |i unmediated -- volume  |m A14805955223 
998 f f |a PE1128 A2 L3  |s pic. cards  |t 0  |l Remote Storage